Παιδιά με ειδικές εκπαιδευτικές ανάγκες : μια ψυχο-παιδαγωγική προσέγγιση

Αποθηκεύτηκε σε:
Λεπτομέρειες βιβλιογραφικής εγγραφής
Κύριος συγγραφέας: Τζουριάδου, Μαρία
Μορφή: Βιβλίο
Γλώσσα:Greek
Δημοσίευση: Θεσσαλονίκη : Προμηθεύς, 1995.
Θέματα:
Ετικέτες: Προσθήκη ετικέτας
Δεν υπάρχουν, Καταχωρήστε ετικέτα πρώτοι!

MARC

LEADER 00000cam a2200000 i 4500
001 1/92171
008 991111s1995 gr | ||| |||| ||gre||
020 |a 9607592026 
035 |l 10053936 
040 |a GR-MY-UA  |b gre  |e aacr 
041 0 |a gre 
082 7 |a 371.9   |2 (22) 
082 7 |a 371.90472   |2 (22) 
100 1 |a Τζουριάδου, Μαρία. 
245 1 0 |a Παιδιά με ειδικές εκπαιδευτικές ανάγκες :   |b μια ψυχο-παιδαγωγική προσέγγιση /   |c Μαρία Τζουριάδου.  
260 |a Θεσσαλονίκη :   |b Προμηθεύς,   |c 1995.  
300 |a 177 σ. :   |b εικ. ;   |c 24 εκ.  
504 |a Περιλαμβάνει βιβλιογραφικές παραπομπές.  
650 0 0 |a Children with disabilities  |x Education. 
852 |a INST  |b LESVOS  |e 20000209  |h 371.9 ΤΖΟ  |p 005100021938  |q 005100021938  |t BK  |y 0 
852 |a INST  |b RHODES  |e 19991111  |h 371.90472 ΤΖΟ  |p 005400014335  |q 005400014335  |t BK  |y 0 
852 |a INST  |b RHODES  |e 20030602  |h 371.90472 ΤΖΟ  |p 005400020390  |q 005400020390  |t BK  |y 0 
852 |a INST  |b RHODES  |e 20030613  |h 371.90472 ΤΖΟ  |p 005400020450  |q 005400020450  |t BK  |y 0 
901 |a BIBL4-1999-3 
909 |a Ρ  |b 064379 
909 |a Λ  |b 068515 
909 |a Ρ  |b 101879 
909 |a Ρ  |b 101866 
922 |a 4ΕΛΗ  |b 199911  |c ΔΩΡΕΑ 
970 |a ΚΟΥΛΑΚΙΟΤΗ  |b ΛΙΤΣΑ  |z 1999/11/11